UCM

Economia para ourtas ciencias sociais (Record no. 47292)

MARC details
000 -LEADER
fixed length control field 00335nam a22001337a 4500
008 - FIXED-LENGTH DATA ELEMENTS--GENERAL INFORMATION
fixed length control field 210722b ||||| |||| 00| 0 eng d
020 ## - INTERNATIONAL STANDARD BOOK NUMBER
International Standard Book Number 9728726430
100 ## - MAIN ENTRY--PERSONAL NAME
Personal name MODEIROS, Eduardo Raosa de
245 ## - TITLE STATEMENT
Title Economia para ourtas ciencias sociais
250 ## - EDITION STATEMENT
Edition statement 1 ed
260 ## - PUBLICATION, DISTRIBUTION, ETC. (IMPRINT)
Place of publication, distribution, etc Lisboa
Name of publisher, distributor, etc Editora ISCP
300 ## - PHYSICAL DESCRIPTION
Extent 353P
942 ## - ADDED ENTRY ELEMENTS (KOHA)
Source of classification or shelving scheme Universal Decimal Classification
Item type Books
Holdings
Withdrawn status Lost status Source of classification or shelving scheme Damaged status Not for loan Collection code Home library Current library Shelving location Date acquired Total Checkouts Barcode Date last seen Price effective from Koha item type
    Universal Decimal Classification     Reference Extensão - Nacala Extensão - Nacala General Stacks 22/07/2021   22082380805 22/07/2021 22/07/2021 Books

Universidade Católica de Moçambique - Rua Marquês de Soveral, 960, Palmeiras II, Beira, Moçambique

Tel (Central): (+258) 23 313 077 - Fax: (+258) 23 311 520 - Email: reitoria@ucm.ac.mz - Web: www.ucm.ac.mz